Avtomatizirovannoje projektirovanije matematičeskogo obespečenija ASU TP
Salvato in:
| Natura: | Libro |
|---|---|
| Lingua: | russo |
| Pubblicazione: |
Kijev
Vyšča škola
1986
|
| Edizione: | 1. izd. |
| Tags: |
Nessun Tag, puoi essere il primo ad aggiungerne!!
|
MARC
| LEADER | 00000nam a2200000 4500 | ||
|---|---|---|---|
| 001 | c034385 | ||
| 005 | 20260202080244.1 | ||
| 041 | 0 | |a rus | |
| 044 | |a UA | ||
| 245 | 1 | 0 | |a Avtomatizirovannoje projektirovanije matematičeskogo obespečenija ASU TP |c Vitalij Vasil'jevič Ažogin, Michail Zacharovič Zgurovskij |
| 250 | |a 1. izd. | ||
| 264 | 1 | |a Kijev |b Vyšča škola |c 1986 | |
| 300 | |a 334 s. | ||